书目信息 |
| 题名: |
源远流长的世界体育
|
|
| 作者: | 杨文清 著 | |
| 分册: | ||
| 出版信息: | 北京 人民体育出版社 1983 |
|
| 页数: | 170页 | |
| 开本: | 19cm | |
| 丛书名: | 少年体育丛书 | |
| 单 册: | ||
| 中图分类: | G811.9 | |
| 科图分类: | ||
| 主题词: | 体育事业--世界--少年读物 , 体育事业--世界 | |
| 电子资源: | ||
| ISBN: | ||
| 000 | 00732nam2 2200265 45 | |
| 001 | 0183011307 | |
| 005 | 20060803152357.18 | |
| 010 | @dCNY0.46 | |
| 091 | @a7015.2077 | |
| 100 | @a19950516d1983 demy0chiy0121 ea | |
| 101 | 0 | @achi |
| 102 | @aCN@b110000 | |
| 105 | @ay 000yy | |
| 200 | 10 | @a源远流长的世界体育@Ayuan yuan liu chang de shi jie ti yu@f杨文清著 |
| 210 | @a北京@c人民体育出版社@d1983 | |
| 215 | @a170页@d19cm | |
| 225 | 2 | @a少年体育丛书 |
| 410 | 0 | @120010@a少年体育丛书 |
| 606 | @a体育事业@y世界@x少年读物 | |
| 606 | 0 | @a体育事业@x世界 |
| 690 | @aG811.9 | |
| 701 | 0 | @a杨文清@Ayang wen qing@4著 |
| 801 | 2 | @aCN@bNLC@c20060803 |
| 801 | 0 | @aCN@b上海图书馆@c20040508 |
| 905 | @f2@b213198-199@dG811.9@e12 | |
| 源远流长的世界体育/杨文清著.-北京:人民体育出版社,1983 |
| 170页;19cm.-(少年体育丛书) |
| ISBN :CNY0.46 |
| ● |
| 相关链接 |
|
|
|
|
正题名:源远流长的世界体育
索取号:G811.9/12
 
预约/预借
| 序号 | 登录号 | 条形码 | 馆藏地/架位号 | 状态 | 备注 |
| 1 | 0213198 | 000298831 | 密集书库/ [索取号:G811.9/12] | 在馆 | |
| 2 | 0213199 | 000298840 | 密集书库/ [索取号:G811.9/12] | 在馆 | |
| 3 | 0213200 | 000298779 | 第一样本阅览室/ [索取号:G811.9/12] | 在馆 | |
| 4 | 0446655 | 204466559 | 密集书库/ [索取号:G811.9/12] | 在馆 |